000 00749nam a22002417a 4500
003 OSt
005 20160820142434.0
008 160820b xxu||||| |||| 00| 0 eng d
020 _a978-0-07-066019-9
040 _cLIC
082 _22008
_aDC 658
_bW43
100 _913313
_aWeihrich, Heinz
245 _aManagement:
_ba global and entrepreneurial perspective/
_cHeinz Weihrich...[and two others]
250 _aTwelfth Edition
260 _aNew Delhi:
_bMcGraw-Hill Publishing Company, Limited,
_cc2008.
300 _axxxvii, 527 pages:
_billustrations;
_c23 cm.
365 _b695.00
_cPhp
500 _aIncludes index.
650 0 _913314
_aManagement
700 _913316
_aCannice, Mark V.
700 _913317
_aKoontz, Harold
942 _2ddc
_cDC
999 _c3983
_d3983